Handbook of climate change leadership in organisations : (Record no. 51312)

MARC details
000 -LEADER
fixed length control field 00550nam a2200181Ia 4500
005 - DATE AND TIME OF LATEST TRANSACTION
control field 20260429111907.0
008 - FIXED-LENGTH DATA ELEMENTS--GENERAL INFORMATION
fixed length control field 260429s9999||||xx |||||||||||||| ||und||
020 ## - INTERNATIONAL STANDARD BOOK NUMBER
International Standard Book Number 9781032380056
041 ## - LANGUAGE CODE
Language English
082 ## - DEWEY DECIMAL CLASSIFICATION NUMBER
Classification number 658.408
Item number MAC
100 ## - MAIN ENTRY--PERSONAL NAME
Personal name Mackie, Doug
245 #0 - TITLE STATEMENT
Title Handbook of climate change leadership in organisations :
Remainder of title developing leadership for the age of sustainability /
Statement of responsibility, etc Doug Mackie
260 ## - PUBLICATION, DISTRIBUTION, ETC. (IMPRINT)
Place of publication, distribution, etc United States :
Name of publisher, distributor, etc Routledge,
Date of publication, distribution, etc 2024.
300 ## - PHYSICAL DESCRIPTION
Extent xx, 437 p.; pbk
650 ## - SUBJECT ADDED ENTRY--TOPICAL TERM
Topical term or geographic name as entry element Leadership
650 ## - SUBJECT ADDED ENTRY--TOPICAL TERM
Topical term or geographic name as entry element Management
942 ## - ADDED ENTRY ELEMENTS (KOHA)
Koha item type Text Books
Holdings
Withdrawn status Lost status Damaged status Not for loan Collection code Home library Location Shelving location Date of Cataloging Source of acquisition Total Checkouts Full call number Barcode Date last seen Price effective from Koha item type
        Non-fiction CUTN Central Library CUTN Central Library Medicine, Technology & Management 29/04/2026 Shanti Books, Chennai - Invoice No. 3099 on 09-02-2026   658.408 MAC 56253 29/04/2026 29/04/2026 Text Books